[Event "Team Championship (men blitz)"]
[Site "Sochi"]
[Date "2017.10.05"]
[Round "8.20"]
[White "Savitskiy, Sergey"]
[Black "Gochelashvili, David"]
[Result "1-0"]
[LiveChessVersion "1.4.8"]
[BlackElo "2440"]
[WhiteElo "2327"]

1. e4 {[%clk 0:03:02]} c5 {[%clk 0:03:02]} 2. Nf3 {[%clk 0:03:02]} d6
{[%clk 0:03:04]} 3. d4 {[%clk 0:03:04]} Nf6 {[%clk 0:03:05]} 4. Nc3
{[%clk 0:03:05]} cxd4 {[%clk 0:03:06]} 5. Nxd4 {[%clk 0:03:06]} g6
{[%clk 0:03:07]} 6. Be3 {[%clk 0:03:07]} Bg7 {[%clk 0:03:08]} 7. f3
{[%clk 0:03:07]} Nc6 {[%clk 0:03:09]} 8. Qd2 {[%clk 0:03:09]} O-O
{[%clk 0:03:09]} 9. O-O-O {[%clk 0:03:10]} d5 {[%clk 0:03:10]} 10. exd5
{[%clk 0:03:11]} Nxd5 {[%clk 0:03:11]} 11. Nxc6 {[%clk 0:03:11]} bxc6
{[%clk 0:03:12]} 12. Bd4 {[%clk 0:03:12]} Bxd4 {[%clk 0:03:12]} 13. Qxd4
{[%clk 0:03:14]} Qb6 {[%clk 0:03:12]} 14. Ne4 {[%clk 0:02:00]} Bf5
{[%clk 0:02:41]} 15. a3 {[%clk 0:01:17]} Rfd8 {[%clk 0:02:40]} 16. Qxb6
{[%clk 0:01:14]} axb6 {[%clk 0:02:40]} 17. Re1 {[%clk 0:00:38]} Ra4
{[%clk 0:02:29]} 18. Ng3 {[%clk 0:00:35]} b5 {[%clk 0:02:17]} 19. Nxf5
{[%clk 0:00:35]} gxf5 {[%clk 0:02:17]} 20. c3 {[%clk 0:00:35]} f4
{[%clk 0:01:59]} 21. g3 {[%clk 0:00:37]} Rd6 {[%clk 0:01:56]} 22. Rg1
{[%clk 0:00:36]} Kf8 {[%clk 0:01:57]} 23. gxf4 {[%clk 0:00:26]} Rxf4
{[%clk 0:01:56]} 24. Rg3 {[%clk 0:00:28]} Rh6 {[%clk 0:01:52]} 25. h3
{[%clk 0:00:25]} Rhf6 {[%clk 0:01:50]} 26. Bg2 {[%clk 0:00:15]} R4f5
{[%clk 0:01:42]} 27. Kc2 {[%clk 0:00:09]} Rd6 {[%clk 0:01:41]} 28. Bf1
{[%clk 0:00:08]} Rg6 {[%clk 0:01:34]} 29. Rxg6 {[%clk 0:00:08]} hxg6
{[%clk 0:01:35]} 30. Bg2 {[%clk 0:00:06]} Rg5 {[%clk 0:01:34]} 31. Bf1
{[%clk 0:00:06]} Rg3 {[%clk 0:01:33]} 32. c4 {[%clk 0:00:06]} bxc4
{[%clk 0:01:32]} 33. Bxc4 {[%clk 0:00:07]} e6 {[%clk 0:00:51]} 34. Bxd5
{[%clk 0:00:08]} cxd5 {[%clk 0:00:51]} 35. Re3 {[%clk 0:00:05]} Rxh3
{[%clk 0:00:50]} 36. a4 {[%clk 0:00:07]} Ke7 {[%clk 0:00:51]} 37. a5
{[%clk 0:00:08]} Kd6 {[%clk 0:00:51]} 38. Rc3 {[%clk 0:00:04]} d4
{[%clk 0:00:48]} 39. Rc8 {[%clk 0:00:05]} Rh1 {[%clk 0:00:29]} 40. b4
{[%clk 0:00:06]} Kd7 {[%clk 0:00:20]} 41. Rc4 {[%clk 0:00:07]} e5
{[%clk 0:00:20]} 42. Kb2 {[%clk 0:00:05]} d3 {[%clk 0:00:17]} 43. Kc3
{[%clk 0:00:05]} f5 {[%clk 0:00:06]} 44. Kxd3 {[%clk 0:00:05]} Rh3
{[%clk 0:00:05]} 45. Ke2 {[%clk 0:00:06]} Rh2+ {[%clk 0:00:06]} 46. Ke3
{[%clk 0:00:07]} Ra2 {[%clk 0:00:04]} 47. Rc5 {[%clk 0:00:06]} Ra3+
{[%clk 0:00:04]} 48. Kf2 {[%clk 0:00:07]} Kd6 {[%clk 0:00:05]} 49. Rb5
{[%clk 0:00:08]} g5 {[%clk 0:00:04]} 50. Rb6+ {[%clk 0:00:09]} Kc7
{[%clk 0:00:05]} 51. Re6 {[%clk 0:00:09]} Ra2+ {[%clk 0:00:05]} 52. Kg3
{[%clk 0:00:09]} e4 {[%clk 0:00:05]} 53. fxe4 {[%clk 0:00:10]} Ra3+
{[%clk 0:00:06]} 54. Kf2 {[%clk 0:00:10]} f4 {[%clk 0:00:08]} 55. Rg6
{[%clk 0:00:07]} Ra2+ {[%clk 0:00:07]} 56. Kf3 {[%clk 0:00:09]} Ra3+
{[%clk 0:00:08]} 57. Kf2 {[%clk 0:00:09]} Ra2+ {[%clk 0:00:09]} 58. Kf3
{[%clk 0:00:06]} Ra3+ {[%clk 0:00:10]} 59. Ke2 {[%clk 0:00:07]} Re3+
{[%clk 0:00:11]} 60. Kf2 {[%clk 0:00:08]} Rxe4 {[%clk 0:00:12]} 61. b5
{[%clk 0:00:09]} Rb4 {[%clk 0:00:10]} 62. Rxg5 {[%clk 0:00:10]} Ra4
{[%clk 0:00:08]} 63. b6+ {[%clk 0:00:07]} Kb7 {[%clk 0:00:07]} 64. Kf3
{[%clk 0:00:09]} Rb4 {[%clk 0:00:08]} 65. Rc5 {[%clk 0:00:10]} Ra4
{[%clk 0:00:09]} 66. Rc7+ {[%clk 0:00:11]} Kb8 {[%clk 0:00:10]} 67. Ra7
{[%clk 0:00:12]} Rb4 {[%clk 0:00:11]} 68. Rf7 {[%clk 0:00:10]} Ra4
{[%clk 0:00:11]} 69. Ra7 {[%clk 0:00:06]} Rb4 {[%clk 0:00:12]} 70. Kg4
{[%clk 0:00:07]} Ra4 {[%clk 0:00:11]} 71. Kf3 {[%clk 0:00:08]} Rb4
{[%clk 0:00:12]} 72. Rf7 {[%clk 0:00:10]} Ra4 {[%clk 0:00:13]} 73. Rf5
{[%clk 0:00:11]} Rb4 {[%clk 0:00:14]} 74. Rxf4 {[%clk 0:00:12]} Rb5
{[%clk 0:00:12]} 75. Rf8+ {[%clk 0:00:12]} Kb7 {[%clk 0:00:13]} 76. Rf7+
{[%clk 0:00:14]} Kb8 {[%clk 0:00:13]} 77. Ra7 {[%clk 0:00:15]} Rb4 78. Ke3 Ra4
{[%clk 0:00:09]} 79. Kd3 {[%clk 0:00:18]} Rb4 {[%clk 0:00:04]} 80. Kc3
{[%clk 0:00:20]} Ra4 {[%clk 0:00:05]} 81. Kb3 {[%clk 0:00:21]} Ra1
{[%clk 0:00:05]} 82. Kb4 {[%clk 0:00:21]} Rb1+ {[%clk 0:00:06]} 83. Kc5
{[%clk 0:00:23]} Rc1+ {[%clk 0:00:04]} 84. Kb5 {[%clk 0:00:24]} Rb1+
{[%clk 0:00:03]} 85. Ka6 {[%clk 0:00:24]} Rc1 {[%clk 0:00:03]} 86. Rh7
{[%clk 0:00:23]} Rc8 {[%clk 0:00:03]} 87. Rh5 {[%clk 0:00:19]} Rd8
{[%clk 0:00:00]} 1-0

[Event "Team Championship (men blitz)"]
[Site "Sochi"]
[Date "2017.10.05"]
[Round "8.21"]
[White "Kezin, Roman"]
[Black "Tsoi, Dmitry"]
[Result "1-0"]
[LiveChessVersion "1.4.8"]
[BlackElo "2357"]
[WhiteElo "2514"]

1. d4 {[%clk 0:03:03]} Nf6 {[%clk 0:03:04]} 2. c4 {[%clk 0:03:05]} e6
{[%clk 0:03:05]} 3. g3 {[%clk 0:03:05]} Bb4+ {[%clk 0:03:04]} 4. Bd2
{[%clk 0:03:06]} Qe7 {[%clk 0:03:05]} 5. Nf3 {[%clk 0:03:06]} Nc6
{[%clk 0:03:06]} 6. Nc3 {[%clk 0:03:06]} Bxc3 {[%clk 0:03:06]} 7. Bxc3
{[%clk 0:03:07]} Ne4 {[%clk 0:03:06]} 8. Qc2 {[%clk 0:03:07]} Nxc3
{[%clk 0:03:02]} 9. Qxc3 {[%clk 0:03:07]} O-O {[%clk 0:02:57]} 10. Bg2
{[%clk 0:03:08]} d6 {[%clk 0:02:59]} 11. O-O {[%clk 0:03:06]} e5 {[%clk 0:03:00]}
12. d5 {[%clk 0:03:00]} Nb8 {[%clk 0:03:01]} 13. e4 {[%clk 0:03:00]} a5
{[%clk 0:03:00]} 14. b3 {[%clk 0:02:46]} f5 {[%clk 0:02:49]} 15. exf5
{[%clk 0:02:43]} Bxf5 {[%clk 0:02:49]} 16. Rae1 {[%clk 0:02:19]} Qf6
{[%clk 0:02:47]} 17. Nh4 {[%clk 0:02:06]} Nd7 {[%clk 0:02:41]} 18. f4
{[%clk 0:02:03]} exf4 {[%clk 0:02:18]} 19. Qxf6 {[%clk 0:02:03]} Rxf6
{[%clk 0:02:18]} 20. Nxf5 {[%clk 0:02:03]} Rxf5 {[%clk 0:02:06]} 21. Bh3
{[%clk 0:02:03]} Rg5 {[%clk 0:01:31]} 22. Be6+ {[%clk 0:01:46]} Kh8
{[%clk 0:01:32]} 23. Bxd7 {[%clk 0:01:47]} fxg3 {[%clk 0:01:32]} 24. h3
{[%clk 0:01:35]} h5 {[%clk 0:01:11]} 25. Re8+ {[%clk 0:01:28]} Rxe8
{[%clk 0:01:08]} 26. Bxe8 {[%clk 0:01:28]} Kh7 {[%clk 0:01:04]} 27. Bd7
{[%clk 0:01:24]} Re5 {[%clk 0:00:58]} 28. Rf5 {[%clk 0:01:06]} Re1+
{[%clk 0:00:59]} 29. Kg2 {[%clk 0:01:07]} Re2+ {[%clk 0:00:26]} 30. Kxg3
{[%clk 0:01:07]} Rxa2 {[%clk 0:00:27]} 31. Rxh5+ {[%clk 0:00:50]} Kg6
{[%clk 0:00:27]} 32. Rf5 {[%clk 0:00:48]} b5 {[%clk 0:00:16]} 33. cxb5
{[%clk 0:00:41]} Rd2 {[%clk 0:00:16]} 34. Be6 {[%clk 0:00:20]} Rd1
{[%clk 0:00:06]} 35. Rf3 {[%clk 0:00:21]} Rg1+ {[%clk 0:00:07]} 36. Kf2
{[%clk 0:00:21]} Rd1 {[%clk 0:00:07]} 37. Rc3 {[%clk 0:00:21]} Rd2+
{[%clk 0:00:07]} 38. Ke3 {[%clk 0:00:21]} Rb2 {[%clk 0:00:08]} 39. Kd3
{[%clk 0:00:21]} Kf6 {[%clk 0:00:09]} 40. Rxc7 {[%clk 0:00:20]} Rxb3+ 41. Kc4
{[%clk 0:00:21]} Rb4+ {[%clk 0:00:11]} 42. Kc3 {[%clk 0:00:18]} Rxb5
{[%clk 0:00:12]} 43. Rd7 {[%clk 0:00:15]} Rb6 {[%clk 0:00:13]} 44. Rf7+
{[%clk 0:00:07]} Kg6 {[%clk 0:00:14]} 45. Rc7 {[%clk 0:00:07]} Kf6
{[%clk 0:00:10]} 46. Bg4 {[%clk 0:00:05]} Rb5 {[%clk 0:00:06]} 47. Be6
{[%clk 0:00:06]} Rb6 {[%clk 0:00:08]} 48. Rc4 {[%clk 0:00:04]} g5
{[%clk 0:00:09]} 49. Ra4 {[%clk 0:00:05]} Rb5 {[%clk 0:00:10]} 50. Kc4
{[%clk 0:00:06]} Rc5+ {[%clk 0:00:11]} 51. Kd4 {[%clk 0:00:07]} Rb5
{[%clk 0:00:11]} 52. Ke4 {[%clk 0:00:05]} Rc5 {[%clk 0:00:10]} 53. Kf3
{[%clk 0:00:05]} Rb5 {[%clk 0:00:10]} 54. Ke3 {[%clk 0:00:04]} Rb3+
{[%clk 0:00:09]} 55. Kd2 {[%clk 0:00:05]} Rb5 {[%clk 0:00:10]} 56. Rc4
{[%clk 0:00:06]} Ke5 {[%clk 0:00:10]} 57. Rg4 {[%clk 0:00:06]} Kf6
{[%clk 0:00:12]} 58. Kc3 {[%clk 0:00:07]} Rb1 {[%clk 0:00:10]} 59. Ra4
{[%clk 0:00:07]} Rb5 {[%clk 0:00:10]} 60. Ra3 {[%clk 0:00:07]} Ke5
{[%clk 0:00:10]} 61. Rb3 {[%clk 0:00:07]} Rc5+ {[%clk 0:00:11]} 62. Kb2
{[%clk 0:00:08]} Rc4 {[%clk 0:00:05]} 63. Ka3 {[%clk 0:00:07]} Rd4
{[%clk 0:00:04]} 64. Rb5 {[%clk 0:00:07]} Rd3+ {[%clk 0:00:03]} 65. Ka4
{[%clk 0:00:09]} Kd4 {[%clk 0:00:05]} 66. Kxa5 {[%clk 0:00:09]} Rc3
{[%clk 0:00:06]} 67. Kb6 {[%clk 0:00:09]} Ke5 {[%clk 0:00:07]} 68. Kb7
{[%clk 0:00:08]} Rc2 {[%clk 0:00:05]} 69. Rb6 Rc3 {[%clk 0:00:05]} 70. Rc6
{[%clk 0:00:08]} Ra3 {[%clk 0:00:06]} 71. Kc7 {[%clk 0:00:08]} Ra7+
{[%clk 0:00:07]} 72. Kd8 {[%clk 0:00:09]} Rh7 {[%clk 0:00:08]} 73. Rc7
{[%clk 0:00:06]} Rh8+ {[%clk 0:00:09]} 74. Kd7 {[%clk 0:00:07]} Rh7+
{[%clk 0:00:10]} 75. Kc6 {[%clk 0:00:07]} Rh4 {[%clk 0:00:11]} 76. Kd7
{[%clk 0:00:06]} Ra4 {[%clk 0:00:09]} 77. Ke7 {[%clk 0:00:05]} Rh4
{[%clk 0:00:10]} 78. Kf8 {[%clk 0:00:05]} Kf6 {[%clk 0:00:07]} 79. Rf7+
{[%clk 0:00:06]} Ke5 {[%clk 0:00:08]} 80. Rf5+ {[%clk 0:00:04]} Ke4
{[%clk 0:00:09]} 81. Rxg5 {[%clk 0:00:05]} Rh7 {[%clk 0:00:10]} 82. Rg7
{[%clk 0:00:05]} Rh8+ {[%clk 0:00:12]} 83. Kf7 {[%clk 0:00:05]} Rh6
{[%clk 0:00:12]} 84. Rg6 {[%clk 0:00:06]} Rh5 {[%clk 0:00:13]} 85. Kf6
{[%clk 0:00:07]} Rh8 {[%clk 0:00:14]} 86. Kg5 {[%clk 0:00:07]} Kxd5 1-0

[Event "Team Championship (men blitz)"]
[Site "Sochi"]
[Date "2017.10.05"]
[Round "8.22"]
[White "Murzin, Volodar"]
[Black "Antonenko, Vladimir"]
[Result "1-0"]
[LiveChessVersion "1.4.8"]
[BlackElo "2423"]
[WhiteElo "2268"]

1. e4 {[%clk 0:03:03]} c5 {[%clk 0:03:03]} 2. Nf3 {[%clk 0:03:04]} Nc6
{[%clk 0:03:04]} 3. g3 {[%clk 0:03:05]} e6 {[%clk 0:03:00]} 4. Bg2
{[%clk 0:03:06]} a6 {[%clk 0:02:58]} 5. O-O {[%clk 0:03:06]} Qc7 {[%clk 0:02:58]}
6. Re1 {[%clk 0:03:07]} d6 {[%clk 0:02:57]} 7. c4 {[%clk 0:03:01]} e5
{[%clk 0:02:23]} 8. Nc3 {[%clk 0:03:00]} Nf6 {[%clk 0:02:23]} 9. d3
{[%clk 0:02:59]} h6 {[%clk 0:02:15]} 10. Nd5 {[%clk 0:02:35]} Qd8
{[%clk 0:02:16]} 11. h3 {[%clk 0:02:24]} Be7 {[%clk 0:02:11]} 12. Nxe7
{[%clk 0:02:10]} Qxe7 {[%clk 0:02:09]} 13. Be3 {[%clk 0:02:09]} b5
{[%clk 0:01:57]} 14. Nd2 g5 {[%clk 0:01:51]} 15. a4 {[%clk 0:01:56]} bxa4
{[%clk 0:01:31]} 16. Rxa4 {[%clk 0:01:49]} Nb4 {[%clk 0:01:22]} 17. Rxb4
{[%clk 0:01:30]} cxb4 {[%clk 0:01:21]} 18. Qa4+ {[%clk 0:01:30]} Nd7
{[%clk 0:01:13]} 19. Qxb4 {[%clk 0:00:56]} O-O {[%clk 0:01:10]} 20. d4
{[%clk 0:00:56]} Rb8 {[%clk 0:01:07]} 21. Qc3 {[%clk 0:00:56]} Bb7
{[%clk 0:00:58]} 22. d5 {[%clk 0:00:42]} Rfc8 {[%clk 0:00:57]} 23. Ra1
{[%clk 0:00:38]} Qd8 {[%clk 0:00:51]} 24. b4 {[%clk 0:00:33]} Qc7
{[%clk 0:00:45]} 25. Bf1 {[%clk 0:00:30]} Ra8 {[%clk 0:00:44]} 26. Nb3
{[%clk 0:00:31]} Nf6 {[%clk 0:00:40]} 27. Qd3 {[%clk 0:00:27]} Rcb8
{[%clk 0:00:29]} 28. c5 {[%clk 0:00:22]} Bc8 {[%clk 0:00:29]} 29. cxd6
{[%clk 0:00:21]} Qxd6 {[%clk 0:00:26]} 30. Bc5 {[%clk 0:00:22]} Qd8
{[%clk 0:00:23]} 31. Na5 {[%clk 0:00:22]} Bd7 {[%clk 0:00:23]} 32. Qe3
{[%clk 0:00:21]} Qe8 {[%clk 0:00:15]} 33. Nc4 {[%clk 0:00:21]} Bb5
{[%clk 0:00:11]} 34. Nd6 {[%clk 0:00:20]} Qd7 {[%clk 0:00:10]} 35. Nf5
{[%clk 0:00:18]} Kh7 {[%clk 0:00:09]} 36. Bg2 {[%clk 0:00:18]} Ne8
{[%clk 0:00:05]} 37. h4 {[%clk 0:00:19]} Ng7 {[%clk 0:00:06]} 38. Nxg7
{[%clk 0:00:18]} Kxg7 {[%clk 0:00:06]} 39. hxg5 h5 40. Bf3 {[%clk 0:00:13]} h4
{[%clk 0:00:08]} 41. gxh4 {[%clk 0:00:09]} Qh3 {[%clk 0:00:10]} 42. h5
{[%clk 0:00:07]} Bd7 {[%clk 0:00:05]} 43. h6+ {[%clk 0:00:08]} Kg6
{[%clk 0:00:06]} 44. Bg2 {[%clk 0:00:09]} Qh4 {[%clk 0:00:06]} 45. Qf3
{[%clk 0:00:09]} Qxg5 {[%clk 0:00:07]} 46. Kf1 {[%clk 0:00:09]} Bg4
{[%clk 0:00:07]} 47. Qg3 {[%clk 0:00:10]} Kxh6 {[%clk 0:00:05]} 48. Be3
{[%clk 0:00:11]} 1-0

[Event "Team Championship (men blitz)"]
[Site "Sochi"]
[Date "2017.10.05"]
[Round "8.23"]
[White "Gubsky, Egor"]
[Black "Poliakov, Artem"]
[Result "0-1"]
[LiveChessVersion "1.4.8"]
[BlackElo "2185"]
[WhiteElo "2369"]

1. d4 {[%clk 0:03:03]} d6 {[%clk 0:03:03]} 2. Nf3 {[%clk 0:03:04]} g6
{[%clk 0:03:04]} 3. c4 {[%clk 0:03:05]} Bg7 4. e4 e5 {[%clk 0:03:05]} 5. Nc3
{[%clk 0:03:06]} exd4 {[%clk 0:03:06]} 6. Nxd4 {[%clk 0:03:07]} Nc6
{[%clk 0:03:08]} 7. Be3 {[%clk 0:03:05]} Nge7 {[%clk 0:03:08]} 8. h4
{[%clk 0:03:05]} O-O {[%clk 0:03:06]} 9. h5 {[%clk 0:03:05]} Re8 {[%clk 0:03:08]}
10. hxg6 {[%clk 0:03:05]} hxg6 {[%clk 0:03:08]} 11. Qd2 {[%clk 0:03:00]} f5
{[%clk 0:03:09]} 12. O-O-O {[%clk 0:02:58]} f4 {[%clk 0:02:45]} 13. Nxc6
{[%clk 0:02:58]} fxe3 {[%clk 0:02:45]} 14. Nxe7+ {[%clk 0:02:58]} Qxe7
{[%clk 0:02:44]} 15. Qxe3 {[%clk 0:02:58]} Be6 {[%clk 0:02:42]} 16. Be2
{[%clk 0:02:46]} Qf7 {[%clk 0:02:43]} 17. Qg3 {[%clk 0:02:23]} Be5
{[%clk 0:01:44]} 18. Qh4 {[%clk 0:02:12]} Rf8 {[%clk 0:01:41]} 19. f3
{[%clk 0:02:02]} Qg7 {[%clk 0:01:41]} 20. Kc2 {[%clk 0:01:58]} c6
{[%clk 0:01:40]} 21. g3 {[%clk 0:01:52]} b5 {[%clk 0:01:24]} 22. f4
{[%clk 0:01:38]} Bf6 {[%clk 0:01:01]} 23. Qh2 {[%clk 0:01:39]} Rfd8
{[%clk 0:00:47]} 24. cxb5 {[%clk 0:01:27]} cxb5 {[%clk 0:00:47]} 25. Bxb5
{[%clk 0:01:28]} Rac8 {[%clk 0:00:45]} 26. Ba6 {[%clk 0:01:18]} Bxc3
{[%clk 0:00:28]} 27. Bxc8 {[%clk 0:01:18]} Rxc8 {[%clk 0:00:27]} 28. Kb1
{[%clk 0:01:11]} Bb4 {[%clk 0:00:19]} 29. a3 {[%clk 0:01:03]} Bxa3
{[%clk 0:00:17]} 30. e5 {[%clk 0:00:36]} dxe5 {[%clk 0:00:12]} 31. bxa3
{[%clk 0:00:30]} Rb8+ {[%clk 0:00:14]} 32. Kc1 {[%clk 0:00:31]} exf4
{[%clk 0:00:15]} 33. Qc2 {[%clk 0:00:15]} Qa1+ {[%clk 0:00:09]} 34. Kd2
{[%clk 0:00:16]} Qd4+ {[%clk 0:00:06]} 35. Ke2 {[%clk 0:00:07]} Qe3+
{[%clk 0:00:06]} 36. Kf1 {[%clk 0:00:08]} Bf5 {[%clk 0:00:06]} 37. Qc4+
{[%clk 0:00:09]} Kg7 {[%clk 0:00:07]} 38. Qd4+ {[%clk 0:00:10]} Qxd4 39. Rxd4
{[%clk 0:00:12]} Rb1+ {[%clk 0:00:10]} 40. Kg2 {[%clk 0:00:13]} f3+
{[%clk 0:00:11]} 41. Kh2 {[%clk 0:00:14]} Rb2+ {[%clk 0:00:12]} 42. Kg1
{[%clk 0:00:15]} f2+ {[%clk 0:00:13]} 43. Kg2 {[%clk 0:00:14]} Bc8
{[%clk 0:00:11]} 44. Kf1 {[%clk 0:00:04]} Ba6+ {[%clk 0:00:12]} 45. Kg2
{[%clk 0:00:04]} f1=Q# {[%clk 0:00:11]} 0-1

[Event "Team Championship (men blitz)"]
[Site "Sochi"]
[Date "2017.10.05"]
[Round "8.24"]
[White "Maltsevskaya, Aleksandra"]
[Black "Bublei, Pavel"]
[Result "1-0"]
[LiveChessVersion "1.4.8"]
[BlackElo "2243"]
[WhiteElo "2203"]

1. e4 {[%clk 0:03:03]} c6 {[%clk 0:03:03]} 2. Nc3 {[%clk 0:03:04]} d5
{[%clk 0:03:02]} 3. Nf3 {[%clk 0:03:05]} Nf6 {[%clk 0:03:03]} 4. e5
{[%clk 0:03:06]} Ne4 {[%clk 0:03:03]} 5. Ne2 {[%clk 0:03:07]} Qb6
{[%clk 0:03:00]} 6. d4 {[%clk 0:03:08]} e6 {[%clk 0:03:00]} 7. Ng3
{[%clk 0:03:08]} c5 {[%clk 0:02:49]} 8. Bd3 {[%clk 0:03:10]} Nxg3
{[%clk 0:02:47]} 9. hxg3 {[%clk 0:03:11]} Nc6 {[%clk 0:02:29]} 10. c3
{[%clk 0:03:01]} cxd4 {[%clk 0:02:28]} 11. cxd4 {[%clk 0:03:02]} Bd7
{[%clk 0:02:23]} 12. Be2 {[%clk 0:02:25]} Bb4+ {[%clk 0:01:47]} 13. Kf1
{[%clk 0:02:27]} Be7 {[%clk 0:01:42]} 14. a3 {[%clk 0:02:19]} Rc8
{[%clk 0:01:40]} 15. b4 {[%clk 0:02:15]} a5 {[%clk 0:01:33]} 16. b5
{[%clk 0:02:09]} Nd8 {[%clk 0:01:29]} 17. a4 {[%clk 0:02:10]} f6 {[%clk 0:01:14]}
18. exf6 {[%clk 0:01:58]} gxf6 {[%clk 0:01:14]} 19. Bd3 {[%clk 0:01:50]} Nf7
{[%clk 0:00:59]} 20. Rxh7 {[%clk 0:01:35]} Rxh7 {[%clk 0:01:00]} 21. Bxh7
{[%clk 0:01:36]} Bb4 {[%clk 0:00:53]} 22. Bg6 {[%clk 0:01:25]} Ke7
{[%clk 0:00:50]} 23. Bxf7 {[%clk 0:01:19]} Kxf7 {[%clk 0:00:51]} 24. Qd3
{[%clk 0:00:48]} Rh8 {[%clk 0:00:51]} 25. Kg1 {[%clk 0:00:42]} Qc7
{[%clk 0:00:37]} 26. Bf4 {[%clk 0:00:41]} Qc4 {[%clk 0:00:34]} 27. Qd1
{[%clk 0:00:40]} Bc3 {[%clk 0:00:13]} 28. Rc1 {[%clk 0:00:40]} Rc8
{[%clk 0:00:14]} 29. Nh4 {[%clk 0:00:39]} Be8 {[%clk 0:00:11]} 30. Qh5+
{[%clk 0:00:38]} Ke7 {[%clk 0:00:12]} 31. Qh7+ {[%clk 0:00:39]} Bf7
{[%clk 0:00:13]} 32. Ng6+ {[%clk 0:00:39]} Ke8 {[%clk 0:00:14]} 33. Qh8+
{[%clk 0:00:38]} Kd7 {[%clk 0:00:14]} 34. Qg7 {[%clk 0:00:33]} 1-0

[Event "Team Championship (men blitz)"]
[Site "Sochi"]
[Date "2017.10.05"]
[Round "8.25"]
[White "Sarana, Alexey"]
[Black "Kurbedinov, Ramis"]
[Result "1-0"]
[LiveChessVersion "1.4.8"]
[BlackElo "2259"]
[WhiteElo "2574"]

1. e4 {[%clk 0:03:03]} e5 {[%clk 0:03:03]} 2. Nf3 Nc6 3. Bb5 {[%clk 0:03:05]} a6
{[%clk 0:03:05]} 4. Ba4 {[%clk 0:03:06]} Nf6 {[%clk 0:03:06]} 5. O-O
{[%clk 0:03:07]} Be7 {[%clk 0:03:06]} 6. Re1 {[%clk 0:03:06]} b5 {[%clk 0:03:07]}
7. Bb3 {[%clk 0:03:07]} O-O {[%clk 0:03:04]} 8. d3 {[%clk 0:03:03]} d6
{[%clk 0:03:03]} 9. a4 {[%clk 0:03:04]} b4 {[%clk 0:03:01]} 10. Nbd2
{[%clk 0:03:04]} Be6 {[%clk 0:02:57]} 11. Nc4 {[%clk 0:03:02]} Re8
{[%clk 0:02:47]} 12. Ng5 {[%clk 0:03:00]} Nd4 {[%clk 0:02:37]} 13. Nxe6
{[%clk 0:02:59]} fxe6 {[%clk 0:02:37]} 14. Ba2 {[%clk 0:02:59]} b3
{[%clk 0:02:32]} 15. cxb3 {[%clk 0:02:59]} Rb8 {[%clk 0:02:22]} 16. Bd2
{[%clk 0:02:57]} c5 {[%clk 0:02:22]} 17. Bc3 {[%clk 0:02:52]} Rf8
{[%clk 0:02:11]} 18. a5 {[%clk 0:02:42]} Qe8 {[%clk 0:02:06]} 19. Nb6
{[%clk 0:02:38]} Bd8 {[%clk 0:02:05]} 20. b4 {[%clk 0:02:37]} cxb4
{[%clk 0:01:57]} 21. Bxb4 {[%clk 0:02:38]} Bxb6 {[%clk 0:01:37]} 22. axb6
{[%clk 0:02:38]} Qc6 {[%clk 0:01:29]} 23. Bc3 {[%clk 0:02:35]} Qxb6
{[%clk 0:01:24]} 24. Bc4 {[%clk 0:02:24]} Ra8 {[%clk 0:01:09]} 25. h3
{[%clk 0:02:21]} Kh8 {[%clk 0:01:04]} 26. Qd2 {[%clk 0:02:15]} Nd7
{[%clk 0:01:02]} 27. Ra3 {[%clk 0:02:11]} Nb5 {[%clk 0:00:32]} 28. Ba5
{[%clk 0:02:02]} Qc6 {[%clk 0:00:14]} 29. Raa1 {[%clk 0:01:59]} Nb6
{[%clk 0:00:11]} 30. Bxe6 {[%clk 0:01:57]} Nc7 {[%clk 0:00:11]} 31. Ba2
{[%clk 0:01:47]} Qb5 {[%clk 0:00:09]} 32. Bc3 {[%clk 0:01:45]} Na4
{[%clk 0:00:06]} 33. Bc4 {[%clk 0:01:45]} Qd7 {[%clk 0:00:05]} 34. Bd5
{[%clk 0:01:39]} Rab8 {[%clk 0:00:04]} 35. Bd4 {[%clk 0:01:37]} exd4
{[%clk 0:00:05]} 36. b3 {[%clk 0:01:33]} Nc3 {[%clk 0:00:06]} 37. Bc4
{[%clk 0:01:34]} Rf6 {[%clk 0:00:05]} 38. Qg5 {[%clk 0:01:24]} Rbf8
{[%clk 0:00:05]} 39. e5 {[%clk 0:01:10]} dxe5 {[%clk 0:00:03]} 40. Rxe5
{[%clk 0:01:10]} Rxf2 {[%clk 0:00:03]} 41. Rae1 {[%clk 0:01:01]} h6
{[%clk 0:00:03]} 42. Qg3 {[%clk 0:01:00]} 1-0

[Event "Team Championship (men blitz)"]
[Site "Sochi"]
[Date "2017.10.05"]
[Round "8.26"]
[White "Iljin, Timofey"]
[Black "Demidov, Mikhail"]
[Result "1-0"]
[LiveChessVersion "1.4.8"]
[BlackElo "2555"]
[WhiteElo "2373"]

1. d4 {[%clk 0:03:03]} d5 {[%clk 0:03:03]} 2. c4 {[%clk 0:03:05]} c6
{[%clk 0:03:04]} 3. Nc3 {[%clk 0:03:06]} dxc4 {[%clk 0:03:05]} 4. e4
{[%clk 0:03:07]} b5 {[%clk 0:03:02]} 5. a4 {[%clk 0:03:09]} b4 {[%clk 0:03:06]}
6. Nb1 {[%clk 0:03:07]} Nf6 {[%clk 0:03:05]} 7. e5 {[%clk 0:02:56]} Nd5
{[%clk 0:03:06]} 8. Nd2 {[%clk 0:02:52]} c3 {[%clk 0:03:06]} 9. Nc4
{[%clk 0:02:53]} e6 {[%clk 0:02:55]} 10. Nf3 {[%clk 0:02:53]} Be7
{[%clk 0:02:56]} 11. Bd3 {[%clk 0:02:51]} cxb2 {[%clk 0:02:37]} 12. Bxb2
{[%clk 0:02:50]} O-O {[%clk 0:02:28]} 13. O-O {[%clk 0:02:51]} Nd7
{[%clk 0:02:28]} 14. a5 {[%clk 0:02:47]} a6 {[%clk 0:02:27]} 15. Bc2
{[%clk 0:02:28]} c5 {[%clk 0:02:20]} 16. Qd3 {[%clk 0:02:27]} g6 {[%clk 0:02:22]}
17. Nd6 {[%clk 0:02:11]} Rb8 {[%clk 0:01:56]} 18. Bb3 {[%clk 0:02:05]} cxd4
{[%clk 0:01:44]} 19. Qxd4 {[%clk 0:01:50]} Bb7 {[%clk 0:01:22]} 20. Rfe1
{[%clk 0:01:16]} Nc3 {[%clk 0:01:03]} 21. Nxb7 {[%clk 0:01:03]} Rxb7
{[%clk 0:01:03]} 22. Bxc3 {[%clk 0:00:58]} bxc3 {[%clk 0:01:00]} 23. Bc2
{[%clk 0:00:49]} Qc7 {[%clk 0:00:50]} 24. Rac1 {[%clk 0:00:36]} Rc8
{[%clk 0:00:50]} 25. Bd3 {[%clk 0:00:34]} Qxa5 {[%clk 0:00:50]} 26. Ra1
{[%clk 0:00:31]} Ba3 {[%clk 0:00:38]} 27. Ng5 {[%clk 0:00:32]} Nf8
{[%clk 0:00:33]} 28. Ne4 {[%clk 0:00:33]} Rd8 {[%clk 0:00:25]} 29. Nd6
{[%clk 0:00:27]} Rb2 {[%clk 0:00:17]} 30. Qf4 {[%clk 0:00:24]} Rd7
{[%clk 0:00:15]} 31. h4 {[%clk 0:00:23]} Qb4 {[%clk 0:00:13]} 32. Re4
{[%clk 0:00:21]} Qc5 {[%clk 0:00:11]} 33. Rc4 {[%clk 0:00:22]} Qa7
{[%clk 0:00:09]} 34. Rxa3 {[%clk 0:00:21]} Rd2 {[%clk 0:00:07]} 35. Raxc3
{[%clk 0:00:21]} a5 {[%clk 0:00:07]} 36. Qxd2 {[%clk 0:00:19]} a4
{[%clk 0:00:08]} 37. Ra3 {[%clk 0:00:19]} Qb6 {[%clk 0:00:06]} 38. Rcxa4
{[%clk 0:00:19]} Qc5 {[%clk 0:00:07]} 39. Ra5 {[%clk 0:00:20]} Qd4
{[%clk 0:00:06]} 40. R3a4 {[%clk 0:00:18]} Qb6 {[%clk 0:00:06]} 41. Rb5
{[%clk 0:00:17]} Qc7 {[%clk 0:00:06]} 42. Ra8 {[%clk 0:00:14]} Kg7
{[%clk 0:00:07]} 43. h5 {[%clk 0:00:15]} Rxd6 {[%clk 0:00:06]} 44. h6+
{[%clk 0:00:13]} 1-0